[Event "Graz op A"]
[Site "Graz"]
[Date "2001.09.09"]
[Round "9.7"]
[White "Okhotnik, Vladimir"]
[Black "Krivoshey, Sergei"]
[Result "1-0"]
[WhiteElo "2446"]
[BlackElo "2449"]
[PlyCount "61"]


1. e4 e6 2. d4 d5 3. exd5 exd5 4. c4 Nf6 5. Nc3 Be7 6. cxd5 Nxd5 7. Bd3 c6 8.
Nf3 Be6 9. O-O Nd7 10. Re1 O-O 11. h3 Re8 12. a3 Nf8 13. Ne4 Ng6 14. Neg5 Bxg5
15. Nxg5 Qd7 16. Qf3 Rad8 17. Bd2 f6 18. Nxe6 18... Rxe6 { } 19. Bf5 Rxe1+ 20.
Rxe1 Qd6 21. Qb3 b6 22. Bb4 Qb8 23. Qc4 b5 24. Qxc6 Nxb4 25. axb4 Nf8 26. d5
Qd6 27. Qxd6 Rxd6 28. Be4 a6 29. Rc1 Kf7 30. Rc6 Rxc6 31. dxc6 1-0

[Event "Graz op A"]
[Site "Graz"]
[Date "2001.09.09"]
[Round "9.8"]
[White "Karner, Christoph"]
[Black "Kupreichik, Viktor D"]
[Result "0-1"]
[WhiteElo "2240"]
[BlackElo "2443"]
[PlyCount "66"]


1. d4 d5 2. c4 dxc4 3. Nf3 Nf6 4. Nc3 c6 5. a4 Bf5 6. e3 e6 7. a5 Bd3 8. Bxd3
cxd3 9. Qb3 Qc7 10. e4 Na6 11. Bf4 Qe7 12. O-O Qb4 13. Qd1 g6 14. Bg5 Nd7 15.
d5 Nac5 16. Bd2 Bg7 17. a6 O-O 18. Na4 Qxe4 19. axb7 Rab8 20. Nxc5 Nxc5 21. Re1
Qxd5 22. Ra5 Qc4 23. Qb1 Nb3 24. Rxa7 Nxd2 25. Nxd2 Qb4 26. Qxd3 26... Rfd8 { }
27. Qxd8+ Rxd8 28. Ra8 Qxd2 29. Rea1 Be5 30. Rc8 Kg7 31. f4 Qxb2 32. Re1 Qxb7
33. Rxd8 Qb6+ 0-1

[Event "Graz op A"]
[Site "Graz"]
[Date "2001.09.09"]
[Round "9.9"]
[White "Perhinig, Robert"]
[Black "Tratar, Marko"]
[Result "0-1"]
[WhiteElo "2191"]
[BlackElo "2416"]
[PlyCount "76"]


1. d4 d6 2. c4 e5 3. d5 f5 4. Nc3 Nf6 5. Qc2 Be7 6. e4 fxe4 7. Nxe4 Nxe4 8.
Qxe4 Na6 9. Bd3 Nc5 10. Qe2 Nxd3+ 11. Qxd3 O-O 12. Be3 c6 13. Ne2 Qa5+ 14. Qd2
Qxd2+ 15. Kxd2 cxd5 16. cxd5 Bf5 17. Nc3 Rfc8 18. Rac1 Rc4 19. b3 Rb4 20. f3 a5
21. Na4 Bd8 22. g4 Bd7 23. Nc3 e4 24. Nxe4 Bxg4 25. a3 Rxe4 26. fxe4 Bf3 27.
Kd3 Bxh1 28. Rxh1 Rc8 29. Rc1 Rxc1 30. Bxc1 g5 31. e5 dxe5 32. Ke4 Bf6 33. Kf5
Kf7 34. Bxg5 Bxg5 35. Kxg5 Ke7 36. Kf5 Kd6 37. Ke4 { } 37... b5 38. b4 a4 0-1

[Event "Graz op A"]
[Site "Graz"]
[Date "2001.09.09"]
[Round "9.11"]
[White "Wittmann, Walter"]
[Black "Havlicek, Josef"]
[Result "1-0"]
[WhiteElo "2352"]
[BlackElo "2144"]
[PlyCount "85"]


1. e4 e6 2. d4 d5 3. Nd2 Nf6 4. e5 Nfd7 5. Bd3 c5 6. c3 Nc6 7. Ne2 Qb6 8. Nf3
Be7 9. O-O O-O 10. a3 f5 11. exf6 Nxf6 12. Bc2 Bd7 13. Ng5 e5 14. dxe5 Nxe5 15.
Nf4 Qd6 16. Re1 Rae8 17. Nxh7 Nxh7 18. Bxh7+ Kxh7 19. Qh5+ Kg8 20. Rxe5 Bg5 21.
Ng6 Rxe5 22. Bxg5 Be8 23. Qh8+ 23... Kf7 { } 24. Nxe5+ Qxe5 25. Qh4 Kg8 26. Be3
b6 27. Rd1 Bc6 28. h3 Rf6 29. Bg5 Qe2 30. Rd2 Qe1+ 31. Kh2 Re6 32. Qg4 Bb7 33.
h4 Qe5+ 34. f4 Qe4 35. h5 d4 36. cxd4 c4 37. h6 gxh6 38. Bxh6+ Rg6 39. Bg5 b5
40. Re2 Qc6 41. Re7 Rg7 42. d5 Bc8 43. Rxg7+ 1-0

[Event "Graz op A"]
[Site "Graz"]
[Date "2001.09.09"]
[Round "9.12"]
[White "Stanec, Nikolaus"]
[Black "Wegerer, Fred"]
[Result "1-0"]
[WhiteElo "2530"]
[BlackElo "2230"]
[PlyCount "105"]


1. c4 e5 2. Nc3 Nf6 3. Nf3 Nc6 4. g3 Bb4 5. Bg2 O-O 6. O-O Re8 7. d3 h6 8. e4
d6 9. h3 a5 10. Kh2 Bd7 11. Nh4 Nd4 12. f4 c6 13. fxe5 dxe5 14. Be3 Bd6 15. Qd2
Nh7 16. Nf5 Nxf5 17. exf5 Bb4 18. g4 Ra6 19. a3 Be7 20. Ne4 Bc8 21. Rad1 a4 22.
Qc3 Qc7 23. Kh1 c5 24. Qe1 Rb6 25. Qf2 Rb3 26. Nxc5 Bxc5 27. Bxc5 b5 28. cxb5
Rxb5 29. Bb4 Bb7 30. Bxb7 Qxb7+ 31. Qg2 Qd7 32. Rfe1 Rd5 33. Re3 Rd8 34. Bc3 f6
35. h4 Qb5 36. Qe4 Qb3 37. Rd2 Qb5 38. Rg3 Kf7 39. Kg2 Kg8 40. Kf2 Kf7 41. Ke2
Nf8 42. Qc4 Qd7 43. Re3 h5 44. Qe4 hxg4 45. Qxg4 g6 46. Rf3 46... Kg7 { } 47.
Rg3 e4 48. fxg6 exd3+ 49. Kd1 Qc6 50. h5 Rd4 51. h6+ Kxh6 52. Rh2+ Kg7 53. Qh5
1-0

[Event "Graz op A"]
[Site "Graz"]
[Date "2001.09.09"]
[Round "9.13"]
[White "Titz, Heimo"]
[Black "Zoister, Stefan"]
[Result "1/2-1/2"]
[WhiteElo "2282"]
[BlackElo "2147"]
[PlyCount "79"]


1. Nf3 Nf6 2. c4 e6 3. d4 b6 4. g3 Ba6 5. b3 Bb4+ 6. Bd2 Be7 7. Bg2 O-O 8. O-O
c6 9. Qc2 d5 10. Ne5 { } 10... dxc4 11. bxc4 Qxd4 12. Bc3 Qd6 13. Rd1 Qc7 14.
Nd2 Bb7 15. Ne4 Nbd7 16. Nxd7 Nxd7 17. Rd2 Rfd8 18. Rad1 Nf8 19. h4 Rxd2 20.
Rxd2 Rd8 21. Rxd8 Qxd8 22. Qa4 a6 23. Qc2 b5 24. Qb2 f6 25. Bb4 c5 26. Bxc5
Bxc5 27. Nxc5 Bxg2 28. Kxg2 bxc4 29. f3 Qa5 30. Ne4 f5 31. Nc3 Nd7 32. Qd2 Nf6
33. Qd4 Nd5 34. Qe5 Kf7 35. Nxd5 Qxd5 36. Qc7+ Kg6 37. a4 a5 38. Qc8 h6 39.
Qe8+ Kh7 40. h5 1/2-1/2

[Event "Graz op A"]
[Site "Graz"]
[Date "2001.09.09"]
[Round "9.14"]
[White "Pesorda, Ivan"]
[Black "Schrey, Stefan"]
[Result "0-1"]
[WhiteElo "2248"]
[BlackElo "2096"]
[PlyCount "98"]


1. d4 Nf6 2. c4 e6 3. Nc3 d5 4. Bg5 Be7 5. e3 O-O 6. Rc1 c6 7. Nf3 Nbd7 8. Bd3
dxc4 9. Bxc4 Nd5 10. Bxe7 Qxe7 11. O-O Nxc3 12. Rxc3 e5 13. dxe5 Nxe5 14. Nxe5
Qxe5 15. f4 Qf6 16. f5 b6 17. e4 a5 18. Qh5 Ba6 19. Bxa6 Rxa6 20. Qe2 Ra7 21.
e5 Re7 22. Re3 Qh4 23. Re4 Qh6 24. f6 Re6 25. Rg4 g6 26. Re4 Rd8 27. Rd1 Qf8
28. Rxd8 Qxd8 29. Qe3 c5 30. Kf2 Qf8 31. Qd2 h6 32. h4 Kh7 33. h5 g5 34. Kf3
Qc8 35. Qd5 Kg8 36. a4 Re8 37. Qc4 Qd7 38. g4 Qd1+ 39. Kf2 Rd8 40. e6 { } 40...
Rd2+ 41. Re2 Rxe2+ 42. Qxe2 Qxe2+ 43. Kxe2 fxe6 44. Kd3 Kf7 45. b3 Kxf6 46. Ke4
Kf7 47. Kd3 e5 48. Ke3 Ke7 49. Kd3 Kd6 0-1

[Event "Graz op A"]
[Site "Graz"]
[Date "2001.09.09"]
[Round "9.15"]
[White "Aschenbrenner, Robert"]
[Black "Stuhlik, Marko"]
[Result "0-1"]
[WhiteElo "2221"]
[BlackElo "2246"]
[PlyCount "96"]


1. e4 g6 2. d4 Bg7 3. c4 d6 4. Nc3 Nf6 5. Be2 O-O 6. Nf3 c5 7. O-O cxd4 8. Nxd4
Nc6 9. Be3 Bd7 10. f3 Nxd4 11. Bxd4 Qa5 12. Kh1 Rfe8 13. a3 h5 14. Nd5 Ba4 15.
Qd3 Nxd5 16. Bxg7 Nf4 17. Qe3 Qg5 18. g3 Kxg7 19. gxf4 Qh6 20. Qc3+ e5 21. fxe5
dxe5 22. f4 Bc6 23. Bd3 f6 24. f5 g5 25. b4 Rac8 26. c5 b5 27. a4 a6 28. axb5
axb5 29. Ra6 Red8 30. Rxc6 Rxc6 31. Bxb5 Rc7 32. Bc4 g4 33. Bd5 Kh7 34. Qc1
Qxc1 35. Rxc1 Rb8 36. Rc4 Kh6 37. Be6 Kg5 38. Kg2 h4 39. c6 Rb6 40. Bd7 Kf4 41.
Kf2 Rb8 42. Be6 g3+ { } 43. Kg2 43... h3+ 44. Kg1 g2 45. Bd5 Rb6 46. Kf2 Rg7
47. Kg1 Ra7 48. Rc1 Rxb4 0-1

[Event "Graz op A"]
[Site "Graz"]
[Date "2001.09.09"]
[Round "9.16"]
[White "Zimmermann, Paul"]
[Black "Raffalt, Manfred"]
[Result "1-0"]
[WhiteElo "2241"]
[BlackElo "2171"]
[PlyCount "131"]


1. d4 e6 2. c4 f5 3. Nc3 Nf6 4. g3 Be7 5. Bg2 O-O 6. Nf3 d6 7. O-O a5 8. Re1
Ne4 9. Qc2 Nc6 10. a3 Nxc3 11. bxc3 e5 12. d5 Nb8 13. c5 Na6 14. cxd6 cxd6 15.
a4 Nc5 16. Ba3 Qc7 17. e3 Bd7 18. Bxc5 Qxc5 19. Qb3 19... b5 { } 20. Nxe5 Be8
21. Nc6 Bf6 22. axb5 Qxc3 23. Rab1 Qxb3 24. Rxb3 a4 25. Ra3 Bb2 26. Ra2 a3 27.
Rb1 Bd7 28. b6 Bc8 29. Bh3 g6 30. e4 Re8 31. Raxb2 axb2 32. Rxb2 Ra1+ 33. Kg2
Ba6 34. Kf3 fxe4+ 35. Kf4 Rf8+ 36. Kg5 Kg7 37. b7 h6+ 38. Kh4 e3 39. fxe3 Ra4+
40. Nd4 Rb8 41. Bc8 Kf6 42. g4 Rxc8 43. Rf2+ Ke5 44. Nc6+ Ke4 45. bxc8=Q g5+
46. Kh5 Bxc8 47. h3 Kxe3 48. Rf7 Ke4 49. Kxh6 Kxd5 50. Ne7+ Ke6 51. Rh7 Ba6 52.
Kxg5 d5 53. Nf5 d4 54. Nxd4+ Ke5 55. Nf5 Ke4 56. Re7+ Kf3 57. Re3+ Kg2 58. h4
Kf2 59. h5 Be2 60. Rxe2+ Kxe2 61. h6 Ra7 62. Kg6 Kf3 63. g5 Kg4 64. Ne3+ Kh4
65. Nd5 Ra1 66. Nf6 1-0

[Event "Graz op A"]
[Site "Graz"]
[Date "2001.09.09"]
[Round "9.17"]
[White "Niklasch, Oliver"]
[Black "Senoner, Erich Jun"]
[Result "1-0"]
[WhiteElo "2349"]
[BlackElo "2128"]
[PlyCount "53"]


1. d4 Nf6 2. c4 e5 3. dxe5 Ng4 4. Bf4 Bc5 5. e3 Bb4+ 6. Nc3 d6 7. exd6 cxd6 8.
Rc1 Nc6 9. Nf3 O-O 10. Be2 Bf5 11. O-O Bxc3 12. Rxc3 Nge5 13. Nd4 Qd7 14. Nxc6
Qxc6 15. c5 Rad8 16. cxd6 16... Rxd6 { } 17. Rxc6 Rxd1 18. Rc5 Rxf1+ 19. Kxf1
f6 20. Bxe5 fxe5 21. Bc4+ Kh8 22. Rxe5 g6 23. e4 Rc8 24. exf5 Rxc4 25. fxg6
Rc1+ 26. Re1 Rc2 27. Re8+ 1-0

[Event "Graz op A"]
[Site "Graz"]
[Date "2001.09.09"]
[Round "9.18"]
[White "Hansen, Kay"]
[Black "Sulyok, Michael"]
[Result "1-0"]
[WhiteElo "2236"]
[BlackElo "2278"]
[PlyCount "105"]


1. d4 f5 2. g3 Nf6 3. Bg2 g6 4. Nh3 d6 5. O-O Bg7 6. c3 O-O 7. Bg5 c6 8. Nd2 d5
9. f3 Qb6 10. Qb3 Na6 11. e4 Qxb3 12. axb3 fxe4 13. Bxf6 exf6 14. fxe4 Bxh3 15.
Bxh3 Nc7 16. exd5 cxd5 17. Rfe1 Kf7 18. Ra5 18... b6 { } 19. Rxd5 Nxd5 20. Be6+
Ke7 21. Bxd5+ Kd7 22. Bxa8 Rxa8 23. Ra1 Kc6 24. Nc4 Bf8 25. Kf2 b5 26. Ne3 a6
27. Ke2 f5 28. Kd3 Bd6 29. Rf1 h5 30. Ng2 Rf8 31. Ra1 Kb7 32. Re1 f4 33. gxf4
Bxf4 34. Rf1 Bd6 35. Rxf8 Bxf8 36. Nf4 Bd6 37. Ke4 g5 38. Nxh5 Bxh2 39. Nf6 Bf4
40. b4 Bc1 41. b3 Bf4 42. Nd5 Bc1 43. Ne3 Kb6 44. c4 bxc4 45. bxc4 Kc6 46. d5+
Kd7 47. c5 Kc7 48. Kd4 Kd7 49. Ng4 Bd2 50. Ne5+ Kc7 51. d6+ Kc8 52. Kc4 Bf4 53.
Kd5 1-0

[Event "Graz op A"]
[Site "Graz"]
[Date "2001.09.09"]
[Round "9.20"]
[White "Hoellrigl, Wilfried"]
[Black "Spiesberger, Gerhard"]
[Result "1-0"]
[WhiteElo "2196"]
[BlackElo "2042"]
[PlyCount "25"]


1. e4 c6 2. d4 d5 3. exd5 cxd5 4. c4 Nf6 5. Nc3 Nc6 6. Nf3 Bg4 7. cxd5 Nxd5 8.
Qb3 Nb6 9. d5 Bxf3 10. gxf3 Nd4 11. Bb5+ Nxb5 12. Nxb5 12... Nxd5 { } 13. Qxd5
1-0

[Event "Graz op A"]
[Site "Graz"]
[Date "2001.09.09"]
[Round "9.21"]
[White "Jahrer, Michael"]
[Black "Bachmayer, Josef"]
[Result "1-0"]
[WhiteElo "2113"]
[BlackElo "2170"]
[PlyCount "115"]


1. d4 f5 2. c4 Nf6 3. Nc3 e6 4. g3 d5 5. Bg2 c6 6. Qb3 Bd6 7. Nh3 O-O 8. O-O
Kh8 9. Bf4 Bxf4 10. Nxf4 Qe8 11. Rae1 g5 12. Nd3 Nbd7 13. f3 Qh5 14. e4 dxe4
15. fxe4 Ng4 16. h3 Nh6 17. exf5 exf5 18. Qb4 Qg6 19. Ne5 19... Qg7 { } 20. Qd6
Nf7 21. Nxf7+ Qxf7 22. b3 Qf6 23. Re6 Qd8 24. d5 Qb6+ 25. Kh1 cxd5 26. Qxd5 Qc5
27. Qxc5 Nxc5 28. Re7 a5 29. Re5 Nd3 30. Rb5 Ra6 31. Bxb7 Bxb7+ 32. Rxb7 f4 33.
Rd7 Nb4 34. Rd2 Re6 35. Nd5 Rd6 36. Kg2 a4 37. Rff2 Nxd5 38. Rxd5 Rxd5 39. cxd5
axb3 40. axb3 Rb8 41. Rf3 fxg3 42. Kxg3 Kg7 43. d6 h5 44. d7 Rd8 45. Rf5 Rxd7
46. Rxg5+ Kh6 47. Rf5 Rd3+ 48. Rf3 Rd4 49. Kf2 Kg5 50. Ke2 Kh4 51. Re3 Kg5 52.
Rd3 Re4+ 53. Kd2 Kf4 54. Kc3 h4 55. b4 Re5 56. Kc4 Rg5 57. b5 Rg6 58. Rb3 1-0

[Event "Graz op A"]
[Site "Graz"]
[Date "2001.09.09"]
[Round "9.24"]
[White "Halser, Walter"]
[Black "Schein, Karl-Heinz"]
[Result "1/2-1/2"]
[WhiteElo "2119"]
[BlackElo "2240"]
[PlyCount "44"]


1. e4 c6 2. d4 d5 3. exd5 cxd5 4. Bd3 Nc6 5. c3 g6 6. Bf4 Bg7 7. Nf3 Nf6 8. h3
O-O 9. O-O a6 10. Nbd2 Bd7 11. Ne5 Rc8 12. Qe2 Na5 13. Rfe1 Bf5 14. Ndf3 Bxd3
15. Nxd3 Re8 16. Nde5 Ne4 17. Nd2 Nxd2 18. Bxd2 Nc4 19. Nxc4 dxc4 20. Rad1 Qd5
21. Qe4 Rcd8 22. Bf4 Qxe4 1/2-1/2

[Event "Graz op A"]
[Site "Graz"]
[Date "2001.09.09"]
[Round "9.25"]
[White "Krebs, Johann"]
[Black "Ferrari, Josef"]
[Result "1-0"]
[WhiteElo "2208"]
[BlackElo "2141"]
[PlyCount "69"]


1. d4 d5 2. c4 e6 3. Nc3 c5 4. cxd5 exd5 5. Nf3 Nc6 6. g3 Nf6 7. Bg2 Be7 8. O-O
O-O 9. dxc5 Bxc5 10. Bg5 d4 11. Bxf6 Qxf6 12. Nd5 Qd8 13. Nd2 Bg4 14. Ne4 Bb6
15. Qd2 Re8 16. Rfe1 Bf5 17. Nxb6 axb6 18. Qf4 Re5 19. a3 Qe7 20. Ng5 Bg6 21.
Nf3 Rxe2 22. Rxe2 Qxe2 23. Nxd4 Qxb2 24. Rd1 h6 25. Nxc6 bxc6 26. Bxc6 Rxa3 27.
Rd8+ Kh7 28. h4 Ra1+ 29. Kh2 Ra2 30. Kg2 30... Qc3 { } 31. Bd5 Ra5 32. Bxf7
Qc6+ 33. Kh2 Bxf7 34. Qxf7 Ra1 35. Qf5+ 1-0

[Event "Graz op A"]
[Site "Graz"]
[Date "2001.09.09"]
[Round "9.27"]
[White "Thieme, Steffen"]
[Black "Peisser, Manfred"]
[Result "0-1"]
[WhiteElo "2165"]
[BlackElo "2113"]
[PlyCount "101"]


1. d4 Nf6 2. Nf3 d5 3. Bf4 e6 4. e3 c5 5. Nbd2 Nc6 6. c3 Bd6 7. Bg5 O-O 8. Bd3
e5 9. dxe5 Nxe5 10. Nxe5 Bxe5 11. Nf3 Bd6 12. Bc2 Be7 13. Qd3 g6 14. O-O-O Be6
15. Bxf6 Bxf6 16. e4 dxe4 17. Qxd8 Raxd8 18. Bxe4 b5 19. Kb1 a5 20. Rd2 b4 21.
cxb4 axb4 22. Rhd1 Rxd2 23. Rxd2 c4 24. Rd6 Rb8 25. Ra6 b3 26. a3 c3 27. bxc3
Bxc3 28. Rc6 Bf6 29. h4 Rb5 30. Ng5 Ra5 31. Nxe6 fxe6 32. Rc8+ Kg7 33. Ra8 Rc5
34. Ra7+ Kh6 35. Ra6 b2 36. Bc2 36... Re5 { } 37. g4 Re1+ 38. Ka2 Ra1+ 39. Kb3
b1=Q+ 40. Bxb1 Rxb1+ 41. Kc2 Rb2+ 42. Kc1 Rxf2 43. g5+ Bxg5+ 44. hxg5+ Kxg5 45.
Rxe6 h5 46. Kd1 Ra2 47. Re3 Kf4 48. Rb3 g5 49. Ke1 Kg4 50. Kf1 Kh4 51. Kg1 0-1

[Event "Graz op A"]
[Site "Graz"]
[Date "2001.09.09"]
[Round "9.29"]
[White "Kainrath, Florian"]
[Black "Valent, Peter"]
[Result "0-1"]
[WhiteElo "2128"]
[BlackElo "2058"]
[PlyCount "38"]


1. e4 e5 2. Nf3 Nc6 3. Nc3 Bc5 4. Nxe5 Nxe5 5. d4 Bd6 6. dxe5 Bxe5 7. Bc4 Nf6
8. O-O O-O 9. Qd3 c6 10. f4 Bxc3 11. bxc3 Nxe4 12. f5 d5 13. Bb3 Qf6 14. Ba3
Re8 15. c4 Bxf5 16. cxd5 cxd5 17. Bxd5 Qb6+ 18. Kh1 Nf2+ 19. Rxf2 Bxd3 0-1

[Event "Graz op A"]
[Site "Graz"]
[Date "2001.09.09"]
[Round "9.31"]
[White "Teuschler, Hugo"]
[Black "Huber, Adolf"]
[Result "1/2-1/2"]
[WhiteElo "2108"]
[BlackElo "2050"]
[PlyCount "74"]


1. e4 c5 2. Nf3 Nc6 3. d4 cxd4 4. Nxd4 e5 5. Nf5 d6 6. Ng3 Be6 7. Nc3 h6 8. Be3
Nf6 9. Be2 d5 10. exd5 Nxd5 11. Nxd5 Qxd5 12. Qxd5 Bxd5 13. O-O Be6 14. c3 Be7
15. f4 exf4 16. Bxf4 O-O 17. Be3 Rfe8 18. Bb5 Rac8 19. Rfe1 a6 20. Ba4 b5 21.
Bb3 Bh4 22. Bf2 Na5 23. Bxe6 Rxe6 24. Rxe6 fxe6 25. Re1 Rc6 26. Ne4 Bxf2+ 27.
Kxf2 Nc4 28. Re2 Kf7 29. b3 Nb6 30. Rd2 Ke7 31. Ke3 Nc8 32. g4 Nb6 33. Kd4 Rc8
34. h3 Rc6 35. h4 Rc8 36. Ke5 Nd7+ 37. Kd4 Nb6 1/2-1/2

[Event "Graz op A"]
[Site "Graz"]
[Date "2001.09.09"]
[Round "9.33"]
[White "Spirk, Stefan"]
[Black "Kainz, Josef"]
[Result "0-1"]
[WhiteElo "2080"]
[BlackElo "2044"]
[PlyCount "102"]


1. c4 c5 2. Nf3 Nf6 3. Nc3 d5 4. cxd5 Nxd5 5. e4 Nb4 6. Bc4 Nd3+ 7. Ke2 Nxc1+
8. Rxc1 Nc6 9. Kf1 e6 10. Ne2 Be7 11. d4 O-O 12. d5 Na5 13. Bd3 exd5 14. exd5
b6 15. Nc3 c4 16. Bb1 Ba6 17. h4 Re8 18. Bxh7+ { } 18... Kxh7 19. Ng5+ Kg6 20.
Qc2+ f5 21. Ne6 Qd6 22. g4 Kh7 23. Qxf5+ Kg8 24. g5 Bc8 25. Rd1 Rf8 26. Qg6
Bxe6 27. dxe6 Qf4 28. Qc2 Qf3 29. Rh2 Rad8 30. Rd7 Rxd7 31. exd7 Rd8 32. Qe2
Qxe2+ 33. Kxe2 Rxd7 34. f4 Nc6 35. Kf3 Rd3+ 36. Kg4 a6 37. h5 b5 38. h6 gxh6
39. Rxh6 Rd6 40. Rh2 Nb4 41. Re2 Kf8 42. f5 Rd4+ 43. Kh5 Nd3 44. Rh2 b4 45. Na4
Rd5 46. Kg4 Ne5+ 47. Kf4 Bxg5+ 48. Ke4 Rb5 49. Rc2 Bf6 50. b3 c3 51. Nxc3 Rc5
0-1